| 000 | 00731nam a2200241Ia 4500 | ||
|---|---|---|---|
| 003 | OSt | ||
| 005 | 20220926011859.0 | ||
| 006 | a|||||r|||| 00| 0 | ||
| 007 | ta | ||
| 008 | 220923b |||||||| |||| 00| 0 eng d | ||
| 037 | _cGeneral Book | ||
| 040 |
_aRTL _cRTL _beng |
||
| 041 |
_2eng _aeng |
||
| 082 | _aX:8K9J, J6 | ||
| 100 | _aMarting Elizabeth Ed. | ||
| 245 | 0 |
_aHow to reduce production costs _b Basic approached - |
|
| 260 |
_aNew York _bAmerican Management Assocation U S A _c1956 |
||
| 300 |
_a88p. _ccm. |
||
| 490 | _aAmerican Management Association manufacturing series.222 | ||
| 650 | _aCost Accounts | ||
| 942 |
_hX:8K9J, J6 _cGB _2CC |
||
| 999 |
_c621230 _d621230 |
||